| 000 | 01919nam a22002777 4500 | ||
|---|---|---|---|
| 999 |
_c922 _d922 |
||
| 003 | AR-BaISA | ||
| 005 | 20220513160604.0 | ||
| 007 | ta | ||
| 008 | 220511s1999 sp ado|| |||| 000 0 spa d | ||
| 040 |
_bspa _cAR-BaISA |
||
| 082 | 0 | 4 |
_222 _a001.42 R618 |
| 100 | 1 |
_92176 _aRodríguez Gómez, Gregorio |
|
| 245 | 1 | 0 |
_aMetodología de la investigación cualitativa / _cGregorio Rodríguez Gómez, Javier Gil Flores, y Eduardo García Jiménez |
| 250 | _a2ª ed. | ||
| 260 |
_aMálaga: _bAljibe, _c1999 |
||
| 300 |
_a378 p.: _bil., fotos, gráfs., tablas |
||
| 490 | 1 | _aBiblioteca de educación | |
| 504 | _aBibliografía p.: 363-378. | ||
| 505 |
_tINTRODUCCIÓN A LA INVESTIGACIÓN CUALITATIVA: _tTradición y enfoques en la investigación cualitativa -- _tMétodos de investigación cualitativa -- _tProceso y fases de la investigación cualitativa -- _tLA PRÁCTICA DE LA INVESTIGACIÓN CUALITATIVA: _tPrimeros pasos en la investigación cualitativa -- _tDefinición del problema y acceso al campo -- _tDefinición de roles -- _tSelección de informantes y recogida de datos -- _tObservación -- _tEntrevista -- _tCuestionario -- _tAspectos básicos sobre el análisis de datos cualitativos -- _tEn análisis en la secuencia de investigación -- _tEl papel de la informática en el análisis de datos -- _tEl informe de investigación -- _tAlgunas cuestiones a debate _tINFORMES DE INVESTIGACIÓN: _tEvaluación de proyectos de formación centrada en la escuela -- _tLa difícil convivencia de intereses en actividades de formación permanente -- _tOrientaciones y actividades prácticas para la enseñanza de la investigación cualitativa |
||
| 650 | 1 | 4 |
_95 _aMetodología de la investigación |
| 650 | 1 | 4 |
_91171 _aInvestigación cualitativa |
| 700 | 1 |
_92178 _aGil Flores, Javier _eaut. |
|
| 700 | 1 |
_92179 _aGarcía Jiménez, Eduardo _eaut. |
|
| 830 |
_92177 _aBiblioteca de educación (Aljibe) |
||
| 942 |
_2ddc _cLI _e22 |
||